Relaciones inter-etnicas en el sur bonaerense 1810-1830 /

Guardado en:
Autor Principal: Villar, Daniel
Otros Autores: Jimenez, Juan Francisco, Ratto, Silvia
Formato: Libro
Publicado: Bahía Blanca : Departamento de Humanidades de la U.n.s., 1998
Series:Publ. del Inst. de Estudios Hi
Materias:
Etiquetas: Agregar Etiqueta
Sin Etiquetas, Sea el primero en etiquetar este registro!
LEADER 00926nam a22002535a 4500
001 EHU.bham022016
003 AR-BHAM
005 20060928134235.0
008 130507s1998##################000#0#####d
082 9 8 |a 982.1 
100 1 |a Villar, Daniel 
245 1 0 |a Relaciones inter-etnicas en el sur bonaerense 1810-1830 /  |c Daniel Villar , Juan Francisco Jimenez , Silvia Ratto 
260 |a Bahía Blanca :  |b Departamento de Humanidades de la U.n.s.,  |c 1998 
300 |a 287 p. 
490 0 |a Publ. del Inst. de Estudios Hi 
500 |a Presentación de Ra£l J. Mandrini.- 
653 |a Historia argentina 
653 |a Historia argentina-1810-1820 
653 |a Historia argentina-bahia blanca 
653 |a Antropologia 
700 1 |a Jimenez, Juan Francisco 
700 1 |a Ratto, Silvia 
859 |a AR-BHAM  |b BIB. HUMANIDADES - General  |h 982.1  |i V712  |p 226.98  |t Ej.1 
859 |a AR-BHAM  |b BIB. HUMANIDADES - General  |h 982.1  |i V712  |p 532.98  |t Ej.1